| 000 | 00368nam a22001337a 4500 | ||
|---|---|---|---|
| 020 | _a978813176250 | ||
| 082 |
_222 _a005.74 |
||
| 100 | _aElmasr, Ramez and Navathe, Shamkant B. | ||
| 245 | _aFundamental of database systems / | ||
| 250 | _a5 th. | ||
| 260 |
_aNew Delhi, _bPearsonal Education, _cc2009. |
||
| 300 |
_axxxii,1143 p. ; _bill. ; _c24 cm. |
||
| 942 |
_2ddc _cIT _08 |
||
| 999 |
_c3357 _d3357 |
||